Z niektorých aspektov obchodno-technických prekážok vo vzťahoch USA - SR

Colný režim a dovozné dokumenty v teritóriu USA. Programy na podporu zahraničného obchodu, technickej a finančnej pomoci, projekty spolupráce. Obchodno-technické prekážky. Zóny voľného obchodu. Legislatívna problematika. Priame a nepriame dane.

Salvato in:
Dettagli Bibliografici
Autore principale: Kordoš, Marcel
Natura: Capitolo di libro
Lingua:slovacco
Soggetti:
Tags: Aggiungi Tag
Nessun Tag, puoi essere il primo ad aggiungerne!!

MARC

LEADER 00000naa$a2200000$$$4500
001 0063045
005 20231018083708.4
041 0 |a slo 
044 |a SK 
245 1 0 |a Z niektorých aspektov obchodno-technických prekážok vo vzťahoch USA - SR  |c Marcel Kordoš 
520 |a Colný režim a dovozné dokumenty v teritóriu USA. Programy na podporu zahraničného obchodu, technickej a finančnej pomoci, projekty spolupráce. Obchodno-technické prekážky. Zóny voľného obchodu. Legislatívna problematika. Priame a nepriame dane. 
610 2 0 |a predpisy 
610 2 0 |a prekážky v práci 
610 2 0 |a distribúcia 
610 2 0 |a vzťahy obchodné 
610 2 0 |a vývoz 
100 1 |a Kordoš, Marcel